[Event "GER-chT U12 Girls"]
[Site "Magdeburg"]
[Date "2023.12.29"]
[Round "6.6"]
[White "Nikitina, Alisa"]
[Black "Subocz, Emma"]
[Result "0-1"]
[WhiteElo "1004"]
[BlackElo "827"]
[PlyCount "64"]
[EventDate "2023.12.26"]
[EventType "team-swiss"]
[EventRounds "7"]
[EventCountry "GER"]
[SourceTitle "CB03_2024"]
[SourceDate "2024.01.17"]
[SourceVersion "1"]
[SourceVersionDate "2024.01.17"]
[SourceQuality "1"]
[WhiteTeam "Stuttgart Strateg"]
[BlackTeam "Torgelow Droegeheide"]
[WhiteTeamCountry "GER"]
[BlackTeamCountry "GER"]

1. e4 e5 2. Nf3 Nc6 3. Bc4 Nf6 4. Nc3 Bc5 5. d3 d6 6. Bg5 h6 7. Bxf6 Qxf6 8. h3 0-0 9. 0-0 Be6 10. Nb5 Qd8 11. a3 a6 12. Nc3 Qd7 13. Nh4 Qe7 14. Nf5 Qg5 15. h4 Qf6 16. Qg4 Nd4 17. Bxe6 fxe6 18. Ne3 Rf7 19. Na4 Raf8 20. Nd1 Nxc2 21. Rc1 Nd4 22. Nxc5 dxc5 23. h5 b6 24. b4 Qf4 25. Qxf4 exf4 26. bxc5 Ne2+ 27. Kh1 Nxc1 28. cxb6 cxb6 29. d4 e5 30. d5 Rd8 31. Nc3 Nd3 32. Rd1 Nxf2+ 0-1